Del sentido y lo sensible y de la memoria y el recuerdo

Gardado en:
Detalles Bibliográficos
Autor Principal: Aristóteles, 384 a.C.- 322 a.C (Author)
Formato: Libro
Idioma:Lingua castelá
Publicado: Buenos Aires Aguilar 1980
Edición:4a. ed
Subjects:
Tags: Engadir etiqueta
Sen Etiquetas, Sexa o primeiro en etiquetar este rexistro!

MARC

LEADER 00000nam a2200000 a 4500
001 UCV8372
003 CL-VaPUC
008 910506e19800000AG |||||||||||||||||spa|d
082 0 4 |a 185  |b ARI  |2 21 
100 |a Aristóteles,  |d 384 a.C.- 322 a.C.  |e author  |9 194 
245 1 0 |a Del sentido y lo sensible y de la memoria y el recuerdo 
250 |a 4a. ed 
300 |a 102 p 
942 |c BK 
945 |d 19910506 00:00:00 
260 |a Buenos Aires  |b Aguilar  |c 1980 
650 0 |a Memoria  |9 266549 
583 |a last modification  |c 19910506 00:00:00  |k Rodrigo Vera 
999 |c 213902  |d 213900 
952 |0 0  |1 0  |4 0  |6 185_000000000000000_ARI_1980  |7 0  |8 A  |9 196753  |a BIBARQ  |b BIBARQ  |d 2019-11-14  |i 2645645  |l 9  |m 7  |o 185 ARI 1980  |p 2645645  |r 2025-01-20  |s 2023-10-02  |w 2019-11-14  |y BK  |k ARQ